000 00303nam a22001217a 4500
003 SGT
082 _a920
_bR21Y
100 _aयायावर, भारत
245 _aरेणु :एक जीवनी
260 _bसेतु प्रकाशन
_c2021
300 _a428
942 _2ddc
_cBK
999 _c32005
_d32005